• 首页
  • 本馆介绍
  • 公告通知
  • 最新文献
  • 馆藏检索
  • 电子资源
  • 读者导购
  • 参考咨询
  • 我的图书馆
  • 登录
  • 详细信息显示
  • 放入我的书架
  • 预约/预借图书
  • 作者相关作品
  • 分类相关作品
  • 丛书相关作品
  • 出版社相关作品

书目信息

  • 表格格式
  • 工作单格式
  • 卡片格式
题名:
国家司法考试法律法规汇编
    
 
作者: 杨帆 编著
分册: 7   国际法·国际私法·国际经济法
出版信息: 北京   中国政法大学出版社  2013
页数: 190页
开本: 26cm
丛书名:
单 册:
中图分类: D920.9 , D99
科图分类:
主题词: 法律--中国--汇编 , 国际法--汇编 , 国际私法--汇编 , 国际经济法--汇编 , 法律 , 国际法 , 国际私法 , 国际经济法
电子资源:
ISBN: 978-7-5620-5117-6
000 01174nam0 2200337 450
001 523
005 20140908080654.28
010    @a978-7-5620-5117-6@dCNY17.00
100    @a20140703d2013 em y0chiy50 ea
101 0  @achi
102    @aCN@b110000
105    @ay z 000yy
106    @ar
200 1  @a国家司法考试法律法规汇编@AGuo Jia Si Fa Kao Shi Fa Lu^ Fa Gui Hui Bian@e2014年版@E2014 Nian Ban@h7@i国际法·国际私法·国际经济法@IGuo Ji Fa· Guo Ji Si Fa· Guo Ji Jing Ji Fa@f杨帆编著@FYang Fan Bian Zhu
210    @a北京@c中国政法大学出版社@d2013
215    @a190页@d26cm
304    @a三校名师组编
330    @a本书分为国际法、国际私法、国际经济法三部分,具体内容包括:中华人民共和国缔结条约程序法、中华人民共和国国籍法、中华人民共和国引渡法、中华人民共和国出入境管理法等。
606 0  @a法律@y中国@j汇编
606 0  @a国际法@j汇编
606 0  @a国际私法@j汇编
606 0  @a国际经济法@j汇编
606 0  @a法律
606 0  @a国际法
606 0  @a国际私法
606 0  @a国际经济法
690    @aD920.9@v5
690    @aD99@v5
701  0 @a杨帆@AYang Fan@c(法学,@f1976~)@4编著
801  0 @aCN@bTANGWEI@c20140603
905    @b0842300-02@dD920.9@e1056@f3
    
    国家司法考试法律法规汇编:2014年版.7.国际法·国际私法·国际经济法/杨帆编著.-北京:中国政法大学出版社,2013
    190页;26cm
    
    
    ISBN 978-7-5620-5117-6:CNY17.00
    本书分为国际法、国际私法、国际经济法三部分,具体内容包括:中华人民共和国缔结条约程序法、中华人民共和国国籍法、中华人民共和国引渡法、中华人民共和国出入境管理法等。
●
相关链接 在E读中查询图书 在五车中查询图书 在当当中查询图书 在豆瓣中查询图书


正题名:国家司法考试法律法规汇编     索取号:D920.9/1056         预约/预借

序号 登录号 条形码 馆藏地/架位号 状态 备注
1 0842300   208423008   第一样本阅览室/ [索取号:D920.9/1056] 在馆    
2 0842301   208423017   密集书库-史法系/ [索取号:D920.9/1056] 在馆    
3 0842302   208423026   第一借阅区/ [索取号:D920.9/1056] 在馆    
唐山师范学院图书馆 欢迎您!
大连网信软件有限公司© 版权所有